000 01493nam a2200385 a 4500
001 000113259
003 CHAP
005 20220329144346.0
008 170525s2016 mx sm |||||||spa d
010 _a109720
011 _a110692
040 _cCHAP
090 _aTesis
100 1 _aSánchez Rangel, Ulisses
_9132370
245 1 0 _aCalidad de suelo asociado a pitaya (Stenocereus stellatus), bajo diferentes agrosistemas, en el municipio de Tepalcingo, Morelos /
_h[En línea]
_cpor Ulisses Sánchez Rangel y Víctor Cuauhtémoc Vera Herrera.
260 _aChapingo, Méx. :
_bEl autor,
_c2016.
500 _aPara ver el contenido del material haga clic en la liga
502 _aTesis (Ing. Agr. Esp. en Suelos) -- UACH. Departamento de Suelos
590 _aBATCH-UPD
_b05
_c20170525
_lUCH01
_h1459
590 _aE8697GMM
_b05
_c20170525
_lUCH01
_h1219
590 _aE8697GMM
_b05
_c20170525
_lUCH01
_h1249
590 _aE8697GMM
_b05
_c20170525
_lUCH01
_h1458
590 _aE8697GMM
_b05
_c20170526
_lUCH01
_h1122
590 _aE8697GMM
_b05
_c20170526
_lUCH01
_h1123
650 1 4 _aHylocereus
_xFisiología y morfología.
_9130774
650 1 4 _aPitaya
_xCultivo.
_9132372
650 1 4 _aPitaya
_xPropagación.
_9130171
650 1 4 _aSuelos
_xCalidad.
_9132383
650 1 4 _aSuelos
_xEvaluación.
_9110364
700 1 _aVera Herrera, Víctor Cuauhtémoc
_9132371
856 _aFinding aid
_uhttp://10.13.5.2/tesis/sist113259.pdf
_zTeclea aquí
901 _aBK
942 _cTESIS
942 _n0
999 _c109720
_d109720